000 00734cam a22002531 4500
001 BD-DhSAU 7971
003 BD-DhSAU
005 20150530140114.0
008 790625s1935 enkaf 000 0 eng
040 _aBD-DhSAU
082 _a637.13
_222
_bCHB
100 1 _aChalmers, C. H.
245 1 0 _aBacteria in relation to the milk supply :
_ba practical guide for the commercial bacteriologist /
_cby C. H. Chalmers
250 _a3rd ed.
260 _aLondon :
_bE. Arnold & Co. ,
_c1945.
300 _avii, 272 p.:
_bill. ;
_c19 cm.
504 _aIncludes index
590 _aIMRAN
650 0 _aMilk
_xAnalysis.
650 0 _aMilk
_xTesting.
650 0 _aMilk
_xMicrobiology.
650 0 _aWater
_xAnalysis.
942 _2ddc
_cBOOK
999 _c7971
_d7971